|
|
|
|
| LEADER |
01448nam a22003974a 4500 |
| 001 |
EBC117567 |
| 003 |
MiAaPQ |
| 005 |
20200520144314.0 |
| 006 |
m o d | |
| 007 |
cr cn||||||||| |
| 008 |
000830s2001 nyua s 001 0 eng |
| 010 |
|
|
|z 00064921
|
| 020 |
|
|
|z 0471413240 (cloth : alk. paper)
|
| 035 |
|
|
|a (MiAaPQ)EBC117567
|
| 035 |
|
|
|a (Au-PeEL)EBL117567
|
| 035 |
|
|
|a (CaPaEBR)ebr10001702
|
| 035 |
|
|
|a (CaONFJC)MIL36469
|
| 035 |
|
|
|a (OCoLC)70725982
|
| 040 |
|
|
|a MiAaPQ
|c MiAaPQ
|d MiAaPQ
|
| 050 |
|
4 |
|a HF4515.95
|b .L37 2001
|
| 082 |
0 |
4 |
|a 332.63/2042
|2 21
|
| 100 |
1 |
|
|a Larson, Mark L.,
|d 1965-
|
| 245 |
1 |
0 |
|a Technical charting for profits
|h [electronic resource] /
|c Mark L. Larson.
|
| 260 |
|
|
|a New York :
|b John Wiley,
|c c2001.
|
| 300 |
|
|
|a ix, 244 p. :
|b ill.
|
| 490 |
1 |
|
|a Wiley online trading for a living
|
| 500 |
|
|
|a Includes index.
|
| 533 |
|
|
|a Electronic reproduction. Ann Arbor, MI : ProQuest, 2015. Available via World Wide Web. Access may be limited to ProQuest affiliated libraries.
|
| 650 |
|
0 |
|a Electronic trading of securities.
|
| 650 |
|
0 |
|a Day trading (Securities)
|
| 650 |
|
0 |
|a Stocks
|x Prices
|x Computer network resources.
|
| 650 |
|
0 |
|a Investments
|x Computer network resources.
|
| 655 |
|
4 |
|a Electronic books.
|
| 710 |
2 |
|
|a ProQuest (Firm)
|
| 830 |
|
0 |
|a Wiley online trading for a living.
|
| 856 |
4 |
0 |
|u https://ebookcentral.proquest.com/lib/matrademy/detail.action?docID=117567
|z Click to View
|